Más sobre el caso jesuitas (I)/
保存先:
| フォーマット: | 図書 |
|---|---|
| 言語: | Spanish |
| タグ: |
タグ追加
タグなし, このレコードへの初めてのタグを付けませんか!
|
MARC
| LEADER | 00000nam a22000007a 4500 | ||
|---|---|---|---|
| 003 | cru CIDCACS/IIS | ||
| 005 | 20190124142913.0 | ||
| 007 | ta | ||
| 008 | 190124s1997 es |||||r||||||0| ||spa d | ||
| 999 | |c 42116 |d 42116 | ||
| 040 | |c cru CIDCACS/IIS | ||
| 245 | 0 | |a Más sobre el caso jesuitas (I)/ | |
| 300 | |a páginas 12-14 | ||
| 942 | |2 ddc |c PP | ||
| 773 | 0 | |0 42115 |9 2620 |a Universidad Centroamericana José Simeón Cañas (UCA) |d San Salvador, El Salvador: Universidad Centroamericana José Simeón Cañas. Centro Universitario de Documentación e Información |o 18267 |t El Salvador Proceso: |x 02599864 | |
